书目信息 |
| 题名: |
最强大脑 : 写给中国人的记忆魔法书
|
|
| 作者: | 王峰 , 陈林 , 刘苏 著 | |
| 分册: | ||
| 出版信息: | 北京 北京大学出版社 2015.04 |
|
| 页数: | 166页 | |
| 开本: | 24cm | |
| 丛书名: | ||
| 单 册: | ||
| 中图分类: | B842.3 | |
| 科图分类: | ||
| 主题词: | 心理过程 , 心理状态 | |
| 电子资源: | ||
| ISBN: | 7-301-25329-X | |
| 000 | 00729nam0 2200229 450 | |
| 001 | 1560088994 | |
| 005 | 20151110164254.99 | |
| 010 | @a7-301-25329-X@dCNY39.00 | |
| 100 | @a20151110d2015 km y0chiy0120 ea | |
| 101 | 0 | @achi |
| 102 | @aCN@b110000 | |
| 200 | 1 | @a最强大脑 : 写给中国人的记忆魔法书@Azui qiang da nao:xie gei zhong guo ren de ji yi mo fa shu@f王峰, 陈林, 刘苏著@Fwang feng,chen lin,liu su zhu |
| 210 | @a北京@c北京大学出版社@d2015.04 | |
| 215 | @a166页@d24cm | |
| 606 | 0 | @a心理过程 |
| 606 | 0 | @a心理状态 |
| 690 | @aB842.3@v4 | |
| 701 | 0 | @a王峰@Awang feng@4著 |
| 701 | 0 | @a陈林@Achen lin@4著 |
| 701 | 0 | @a刘苏@Aliu su@4著 |
| 801 | 0 | @aCN@b大连网信软件有限公司图书馆·11@c20151110 |
| 905 | @aZUCC@dB842.3@eW172 | |
| 最强大脑 : 写给中国人的记忆魔法书/王峰, 陈林, 刘苏著.-北京:北京大学出版社,2015.04 |
| 166页;24cm |
| ISBN 7-301-25329-X:CNY39.00 |
| ● |
| 相关链接 |
|
|
|
正题名:最强大脑 : 写给中国人的记忆魔法书
索取号:B842.3/W172
 
预约/预借
| 序号 | 登录号 | 条形码 | 馆藏地/架位号 | 状态 | 备注 |
| 1 | 497708 | 204977089 | 社科库509/509社科库 36排1列6层/ [索取号:B842.3/W172] | 在馆 |